000 00596nam a2200253Ia 4500
005 20260306154625.0
008 008 260114s9999 xx 000 0 eng d
020 _a9781139644143
037 _aEBOOK
040 _aCRL
040 _beng
040 _cCRL
041 _2eng
041 _aeng
084 _qCRL
100 _aGamow/Penrose
_91127840
245 0 _aMr Tompkins in Paperback
260 _bCambridge University Press
260 _c2013
650 _a Philosophy
856 _uhttps://doi.org/10.1017/CBO9781139644143
942 _cEBOOK
999 _c1708277
_d1708277